Technologické inovace a inkaso pohledávek

Nový technologický postup vo vývoji inkasa pohľadávok klientov. Kroky, projekty a nástroje, ktoré môžu správnym využitím dať spoločnostiam možnosť úspešného vymáhania čo možno najväčšieho množstva pohľadávok.

Gespeichert in:
Bibliographische Detailangaben
1. Verfasser: Fibír, Ivan
Format: Buchkapitel
Sprache:Tschechisch
Schlagworte:
Tags: Tag hinzufügen
Keine Tags, Fügen Sie das erste Tag hinzu!

MARC

LEADER 00000naa a2200000 4500
001 0157117
005 20231211082335.3
041 0 |a cze 
044 |a CZ 
245 1 0 |a Technologické inovace a inkaso pohledávek  |c Ivan Fibír 
520 |a Nový technologický postup vo vývoji inkasa pohľadávok klientov. Kroky, projekty a nástroje, ktoré môžu správnym využitím dať spoločnostiam možnosť úspešného vymáhania čo možno najväčšieho množstva pohľadávok. 
610 2 0 |a banky 
610 2 0 |a inštitúcie finančné 
610 2 0 |a bankovníctvo 
610 2 0 |a inkaso 
610 2 0 |a pohľadávky 
610 2 0 |a vymáhanie pohľadávok 
610 2 0 |a klienti 
100 1 |a Fibír, Ivan